| 000 | 00000nam##2200000za#4500 |
| 001 | 9.615743 |
| 003 | CaOODSP |
| 005 | 20210615101251 |
| 007 | ta |
| 008 | 150406|2001||||xxc||||| f|0| 0 eng|d |
| 040 | |aCaOODSP|beng |
| 043 | |an-cn--- |
| 086 | 1 |aNH18-22/101-104E |
| 110 | 2 |aCanada Mortgage and Housing Corporation. |
| 245 | 10|aMonitoring the performance of an EIFS retrofit on a 15-storey apartment building |
| 260 | |aOttawa - Ontario : |bCanada Mortgage and Housing Corporation |c2001. |
| 300 | |a4p. : |bfig. ; |c28 cm. |
| 490 | 1 |aResearch highlight. Technical series |v01-104 |
| 563 | |aPamphlet |
| 590 | |a01-34|b2001-08-24 |
| 690 | 07|aConstruction industry|2gcpds |
| 775 | 08|tSuivi de la performance d'un SIFE installé en rattrapage sur une tour d'habitation de 15 étages |w(CaOODSP)9.625765 |
| 776 | 0#|tMonitoring the performance of an EIFS retrofit on a 15-storey apartment building |w(CaOODSP)9.572295 |
| 830 | #0|aResearch highlight. Technical series ;|v01-104|w(CaOODSP)9.514826 |
| 986 | |aNHA 60975 |